Top 30 Countries based on broadband speed - Statistics

General Stats
  • This quiz has been taken 15 times
  • The average score is 19 of 30
Answer Stats
Hint Answer Speed % Correct
15 China 196.57
100%
19 Japan 178.76
100%
13 United States 203.81
100%
17 Canada 183.81
92%
6 Denmark 227.91
92%
9 France 214.04
92%
24 Norway 168.25
92%
20 Sweden 174.90
92%
10 South Korea 212.57
85%
14 Spain 201.47
85%
21 Luxembourg 172.05
77%
12 Liechtenstein 204.78
69%
28 Poland 156.33
69%
27 Portugal 162.55
69%
5 Switzerland 229.96
69%
22 Andorra 171.44
62%
26 Israel 162.66
62%
23 New Zealand 170.51
62%
2 Singapore 255.83
62%
16 United Arab Emirates 189.07
62%
1 Monaco 261.82
54%
25 Netherlands 165.00
54%
30 Taiwan 152.01
54%
7 Thailand 225.17
54%
4 Romania 232.17
46%
11 Hungary 210.55
38%
8 Chile 217.60
31%
29 Moldova 154.56
15%
3 Hong Kong 254.70
8%
18 Macau 178.90
0%
No matching quizzes found
Score Distribution
Percent of People with Each Score
Percentile by Number Answered
Your Score History
You have not taken this quiz